000
00299nam a2200121Ia 4500
008
191201s2008 xx 000 0 und d
100
_a
KELLEY, David S
245
0
_a
Pro/ENGINEER Wildfire 3.0 Instructor
260
_a
N. Delhi
_b
TMH
_c
2008
300
_a
554
650
_a
M.Tech(CSE)
942
_2
ddc
_c
BK
999
_c
6185
_d
6185